Tilastot visalle Jääkiekkojoukkueiden kotikaupungit

Klikkaa tästä pelataksesi tätä visaa!

Yleistilastot

  • Tätä visaa on pelattu 598 kertaa
  • Keskiarvotulos 17 / 20

Vastaustilastot

JääkiekkojoukkueKotikaupunki% Oikein
HIFKHelsinki
99%
KärpätOulu
96%
LukkoRauma
96%
TapparaTampere
96%
IlvesTampere
95%
JokeritHelsinki
94%
TPSTurku
92%
ÄssätPori
91%
JYPJyväskylä
90%
PelicansLahti
90%
HPKHämeenlinna
89%
KalPaKuopio
89%
BluesEspoo
88%
SportVaasa
87%
TuToTurku
86%
SaiPaLappeenranta
85%
JukuritMikkeli
82%
KooKooKouvola
81%
JoKPJoensuu
68%
KOOVEETampere
48%

Tulosjakauma

Persentiili vastausten määrän mukaan

Jokaisen tuloksen saaneiden osuus

Tuloshistoriasi

Et ole pelannut tätä visaa